LEADER 00831oam 2200253z- 450 001 9910154795503321 005 20180629082654.0 010 $a1-68103-336-4 035 $a(CKB)3710000000972281 035 $a(EXLCZ)993710000000972281 100 $a20190224c2017uuuu -u- - 101 0 $aeng 200 10$aMonster trucks /$fby Chris Bowman 210 $cBellwether Media 311 $a1-62617-606-X 330 $a"Relevant images match informative text in this introduction to monster trucks. Intended for students in kindergarten through third grade"--$cProvided by publisher. 606 $aMonster trucks$vJuvenile literature 615 0$aMonster trucks 676 $a629.224 700 $aBowman$b Chris$f1990-$01244943 906 $aBOOK 912 $a9910154795503321 996 $aMonster trucks$92890115 997 $aUNINA